Normal view
MARC view
Entry Personal Name
001 - CONTROL NUMBER
- control field: 47707
003 - CONTROL NUMBER IDENTIFIER
- control field: dpl
005 - DATE AND TIME OF LATEST TRANSACTION
- control field: 20120522134035.0
008 - FIXED-LENGTH DATA ELEMENTS
- fixed length control field: 120522|||a|||||| | ||| d
040 ## - CATALOGING SOURCE
- Original cataloging agency: dpl
- Transcribing agency: dpl
100 ## - HEADING--PERSONAL NAME
- Personal name: शर्मा, श्यामसुन्दर
670 ## - SOURCE DATA FOUND
- Source citation: Work cat.: (dpl)67019: शर्मा, श्यामसुन्दर, सागर विज्ञान / , 1994
670 ## - SOURCE DATA FOUND
- Source citation: Work cat.: (dpl)67019: शर्मा, श्यामसुन्दर, सागर विज्ञान / , 1994
